| 000 | 00850cam a2200253 a 4500 | ||
|---|---|---|---|
| 001 | 000013907 | ||
| 003 | DO-SdBNP | ||
| 005 | 20251028115609.0 | ||
| 008 | 780116s1968 ve b 000 0 spa | ||
| 040 |
_aDO-SdBNP _bspa _cLC _dBNPHU |
||
| 049 | _aBNGR | ||
| 050 | 0 | 0 |
_aKHW720 _b.C75 1968 |
| 082 |
_ann* _bC933v |
||
| 100 | 1 |
_aCristobal Montes, Angel. _931513 |
|
| 245 | 1 | 3 |
_aLa venta de herencia / _cAngel Cristobal Montes. |
| 260 |
_aCaracas : _bUniversidad Central de Venezuela, Facultad de Derecho, _c1968. |
||
| 300 |
_a130 p. ; _c24 cm. |
||
| 490 | 1 |
_aPublicaciones de la Facultad de Derecho, _vv. 41 |
|
| 504 | _aBibliografía: p. [129]-130. | ||
| 650 | 4 |
_aSale of decedents' estates _zVenezuela. _931514 |
|
| 830 | 0 |
_aPublicaciones de la Facultad de Derecho, _vv. 41 _929653 |
|
| 910 | _aCatalogación por copia / LC | ||
| 942 |
_2ddc _cLBS1 |
||
| 999 |
_c13512 _d13512 |
||